Новые идеи в физической и неорганической химии; Глава I. Старая и новая химия; Глава II. Спектры ренгеновых лучей и атомные числа; Глава III. Элементы редких земель; Глава IV. Гафний; Глава V. Явления радиоактивности; Глава VI. Теория распада и радиоактивные ряды; Глава VII. Ратон, торон и актинон; Глава VIII. Изотопы; Глава IX. Изобары; Глава X. Анализ положительных лучей; Глава XI. Результаты, полученные с масс-спектрографом; Глава XII. Разделение изотопов; Глава XIII. Атомное ядро и искусственное разрушение его; Глава XIV. Внешняя сфера атома; Глава XV. Активный водород; Глава XVI. Активный азот; Глава XVII. Некоторые новые гидриды; Глава XVIII. Гидриды и периодическая система; Глава XIX. Действие интенсивной сушки; Глава XX. Спектры Тесла; Глава XXI. Заключение
| Main Author: | |
|---|---|
| Other Authors: | , , |
| Language: | English |
| Published: |
Ленинград, Научное химико-техническое издательство ВСЕХИМПРОМ ВСНХ СССР, 1930
|
| TOC: | Глава I. Старая и новая химия; Глава II. Спектры ренгеновых лучей и атомные числа; Глава III. Элементы редких земель; Глава IV. Гафний; Глава V. Явления радиоактивности; Глава VI. Теория распада и радиоактивные ряды; Глава VII. Ратон, торон и актинон; Глава VIII. Изотопы; Глава IX. Изобары; Глава X. Анализ положительных лучей; Глава XI. Результаты, полученные с масс-спектрографом; Глава XII. Разделение изотопов; Глава XIII. Атомное ядро и искусственное разрушение его; Глава XIV. Внешняя сфера атома; Глава XV. Активный водород; Глава XVI. Активный азот; Глава XVII. Некоторые новые гидриды; Глава XVIII. Гидриды и периодическая система; Глава XIX. Действие интенсивной сушки; Глава XX. Спектры Тесла; Глава XXI. Заключение; |
| Subjects: | |
| Format: | MixedMaterials Book |
| KOHA link: | https://koha.lib.tpu.ru/cgi-bin/koha/opac-detail.pl?biblionumber=235242 |
MARC
| LEADER | 00000nam0a2200000 4500 | ||
|---|---|---|---|
| 001 | 235242 | ||
| 005 | 20231101231402.0 | ||
| 010 | |b 5000 экз. | ||
| 035 | |a (RuTPU)RU\TPU\book\256372 | ||
| 090 | |a 235242 | ||
| 100 | |a 20130405d1930 k y0rusy50 ca | ||
| 101 | 1 | |a eng | |
| 102 | |a RU | ||
| 105 | |a a z 001zy | ||
| 200 | 1 | |a Новые идеи в физической и неорганической химии |f А.-В. Стьюарт |g перевод с 5-го английского издания М. и Е. Маркман ; под ред. проф. С. А. Щукарева | |
| 210 | |a Ленинград |c Научное химико-техническое издательство ВСЕХИМПРОМ ВСНХ СССР |d 1930 | ||
| 215 | |a 293 с. |c табл. | ||
| 320 | |a Таблицы : с. 284-289. | ||
| 464 | |t Глава I. Старая и новая химия | ||
| 464 | |t Глава II. Спектры ренгеновых лучей и атомные числа | ||
| 464 | |t Глава III. Элементы редких земель | ||
| 464 | |t Глава IV. Гафний | ||
| 464 | |t Глава V. Явления радиоактивности | ||
| 464 | |t Глава VI. Теория распада и радиоактивные ряды | ||
| 464 | |t Глава VII. Ратон, торон и актинон | ||
| 464 | |t Глава VIII. Изотопы | ||
| 464 | |t Глава IX. Изобары | ||
| 464 | |t Глава X. Анализ положительных лучей | ||
| 464 | |t Глава XI. Результаты, полученные с масс-спектрографом | ||
| 464 | |t Глава XII. Разделение изотопов | ||
| 464 | |t Глава XIII. Атомное ядро и искусственное разрушение его | ||
| 464 | |t Глава XIV. Внешняя сфера атома | ||
| 464 | |t Глава XV. Активный водород | ||
| 464 | |t Глава XVI. Активный азот | ||
| 464 | |t Глава XVII. Некоторые новые гидриды | ||
| 464 | |t Глава XVIII. Гидриды и периодическая система | ||
| 464 | |t Глава XIX. Действие интенсивной сушки | ||
| 464 | |t Глава XX. Спектры Тесла | ||
| 464 | |t Глава XXI. Заключение | ||
| 510 | 1 | |a Recent advances in physical and inorganic chemistry |z eng | |
| 606 | 1 | |a Физическая химия |2 stltpush |3 (RuTPU)RU\TPU\subj\67669 |9 83390 | |
| 606 | 1 | |a Неорганическая химия |2 stltpush |3 (RuTPU)RU\TPU\subj\67586 |9 83311 | |
| 610 | 1 | |a рентгеновские лучи | |
| 610 | 1 | |a редкие земли | |
| 610 | 1 | |a гафний | |
| 610 | 1 | |a радиоактивность | |
| 610 | 1 | |a изотопы | |
| 610 | 1 | |a водород | |
| 675 | |a 544 |v 3 | ||
| 675 | |a 546 |v 3 | ||
| 700 | 1 | |a Стьюарт |b А.-В. |g Альфред В. | |
| 702 | 1 | |a Маркман |b М. |4 730 | |
| 702 | 1 | |a Маркман |b Е. |4 730 | |
| 702 | 1 | |a Щукарев |b С. А. |4 340 | |
| 801 | 1 | |a RU |b 63413507 |c 20130405 | |
| 801 | 2 | |a RU |b 63413507 |c 20230222 |g RCR | |
| 942 | |c BK | ||